| 000 | 00652 a2200169 4500 | ||
|---|---|---|---|
| 999 |
_c308 _d308 |
||
| 020 | _a185372551X | ||
| 050 | _aBP64. AHM 1994 | ||
| 100 |
_aAhmad, Tahir Mirza Hazrat, _d 1928-2003 |
||
| 245 |
_aChristianity : a journey from facts to fiction/ _cHazrat Mirza Tahir Ahmad. |
||
| 264 |
_ailford, Surrey, England : _bIslam International Publications, _c1994. |
||
| 300 | _aviii, 142 pages : portrait ; 21 cm | ||
| 500 | _aDoes not include bibliography and index | ||
| 650 |
_aChristianity and other religions _xIslam. |
||
| 650 | _aIslam -- Relations -- Christianity | ||
| 650 |
_aChristianity _xControversial literature. |
||
| 942 |
_2lcc _cBK _h64 _iAHM _kBP |
||